00883cam a22002415a 45000010009000000050017000090080041000260200015000670200018000820400033001000820022001331000018001552450072001732600050002453000037002955040051003326500049003836500054004326530028004869420008005149990017005229520102005391176208120201128024318.0990730t2000 njua frb 001 0 eng d a013010857X a9780130108579 aDLCcDLCdDLCdEG-ScBUEbeng04222a658.4038bGUP1 aGupta, Uma G.10aInformation systems :bsuccess in the 21st century /cUma G. Gupta. aUpper Saddle River :bPrentice Hall,cc.2000. axxviii, 428 p. :bill. ;c28 cm. aIncludes bibliographical references and index. 7aManagement information systems.2BUEsh91296 7aInformation technologyxManagement.2BUEsh912426 bGGENbENGGENcApril2018 2ddc c26469d26441 00102ddc4070aMAINbMAINc1STd2018-04-04l0o658.4038 GUPp000047561r2025-07-15 00:00:00yBB